Olivia Rodrigo song lyrics - No hints ! @14 - Statistics

General Stats
  • This quiz has been taken 178 times
    177 since last reset
  • The average score is 260 of 392
Answer Stats
Answer % Correct
I
100%
a
97%
the
85%
me
82%
Me
82%
be
81%
go
81%
do
79%
Want
78%
so
77%
am
76%
it
76%
my
76%
to
76%
I'm
74%
know
74%
who
74%
love
72%
not
72%
like
71%
Like
71%
That
71%
that
71%
where
71%
Where
71%
And
70%
for
70%
of
70%
good
69%
it's
69%
It's
69%
on
69%
all
68%
got
68%
in
68%
just
68%
Just
68%
bed
67%
But
67%
Did
67%
making
65%
Making
65%
thing
65%
don't
64%
at
63%
been
63%
can
63%
away
62%
could
62%
girl
62%
some
62%
Another
61%
'cause
61%
done
61%
feel
61%
throw
61%
who's
61%
with
61%
Every
60%
every
60%
fun
60%
head
60%
say
60%
used
60%
what
60%
ruined
59%
best
58%
than
57%
friends
56%
mine
56%
over
56%
people
56%
piece
56%
plastic
56%
sometimes
56%
Sometimes
56%
wanna
56%
tired
55%
doesn't
54%
Pull
54%
Push
54%
said
54%
sheets
54%
They
54%
they
54%
can't
53%
nothing
53%
as
52%
club
52%
day
52%
Getting
52%
older
52%
one
52%
being
50%
drunk
50%
perfect
50%
pretending
50%
thought
50%
Took
50%
Well
50%
well
50%
conversation
48%
moment
48%
out
48%
tell
48%
this
48%
into
47%
oh
47%
sign
47%
something
47%
up
47%
victim
47%
dream
46%
things
46%
attraction
45%
forced
45%
let
45%
read
45%
tourist
45%
has
44%
night
44%
playing
44%
stop
44%
them
44%
wake
44%
light
43%
red
43%
turned
43%
wanted
43%
distraction
42%
dread
42%
driving
42%
imagined
42%
control
41%
city
40%
happen
40%
life
40%
off
40%
fair-weather
38%
road
38%
through
38%
machinery
37%
changing
36%
feels
36%
someone
36%
from
35%
brakes
34%
swerve
34%
somewhere
33%
beautiful
31%
regret
31%
They're
31%
recurring
26%
Counting
18%
No matching quizzes found
Score Distribution
Percent of People with Each Score
Percentile by Number Answered
Your Score History
You have not taken this quiz since the last reset